| 000 | 01068cam a2200361 a 4500 | ||
|---|---|---|---|
| 001 | 4727 | ||
| 003 | FISKH | ||
| 005 | 20240926112843.0 | ||
| 008 | 980428s1998 nyua b 000 1 eng | ||
| 010 | _a 98020284 | ||
| 020 | _a0590396382 (pbk.) | ||
| 020 | _a078073003990 | ||
| 040 |
_aDLC _cDLC _dDLC _beng |
||
| 050 | _aPZ8.M127 | ||
| 082 | _a428.6 | ||
| 100 | 1 | _aMaccarone, Grace. | |
| 245 | 1 | 0 |
_aI have a cold / _cby Grace Maccarone ; illustrated by Betsy Lewin. |
| 260 |
_aNew York : _bScholastic, _c1998. |
||
| 300 |
_a30 unnumbered pages : _bcolor illustrations ; _c23 cm |
||
| 440 | 0 |
_aHello reader! _nLevel 1 |
|
| 500 | _a"Cartwheel books." | ||
| 505 | _aF | ||
| 520 | _aA sick child describes how it feels to have a bad cold. | ||
| 521 |
_a320
_bLexile |
||
| 521 |
_aF
_bRaz-Plus |
||
| 650 | 1 |
_aCold (Disease) _xFiction. |
|
| 650 | 1 |
_aSick _xFiction. |
|
| 650 | 1 | _aStories in rhyme. | |
| 700 | 1 |
_aLewin, Betsy, _eillustrator |
|
| 906 |
_a7 _bcbc _corignew _d1 _eocip _f19 _gy-gencatlg |
||
| 942 |
_2ddc _cBK _n0 |
||
| 999 |
_c4727 _d4727 |
||